| 000 | 00539cam a2200181ua 4500 | ||
|---|---|---|---|
| 001 | 905 | ||
| 005 | 20260515113236.0 | ||
| 008 | 110423n ii |||gr||||Z||||||eng | ||
| 040 | _cMAIN | ||
| 082 | _a320.954 | ||
| 245 | 1 |
_aPolitical outlook in India today. _bA pre election study. |
|
| 250 |
_a1st. / _bEdited by J R Chandan & M M Thomas. |
||
| 260 |
_aBanglore.: _bCommittee for literature & social concerns.,956. |
||
| 300 |
_a176 p.: _c21 cm. |
||
| 653 | _aPolitical science. | ||
| 653 | _aPolitical outlook in India today. | ||
| 942 | _cBK | ||
| 999 |
_c828 _d828 |
||